Tháng tư hạ về : Tập thơ

محفوظ في:
التفاصيل البيبلوغرافية
المؤلف الرئيسي: Nguyễn, Chí Văn
التنسيق: كتاب
اللغة:Undetermined
منشور في: Cần Thơ Đại học Cần Thơ 2018
الموضوعات:
الوسوم: إضافة وسم
لا توجد وسوم, كن أول من يضع وسما على هذه التسجيلة!
Thư viện lưu trữ: Trung tâm Học liệu Trường Đại học Cần Thơ
LEADER 00574nam a2200205Ia 4500
001 CTU_229471
008 210402s9999 xx 000 0 und d
020 |c 68000 
082 |a 895.9221 
082 |b V115 
100 |a Nguyễn, Chí Văn 
245 0 |a Tháng tư hạ về : 
245 0 |b Tập thơ 
245 0 |c Nguyễn Chí Văn 
260 |a Cần Thơ 
260 |b Đại học Cần Thơ 
260 |c 2018 
650 |a Thơ Việt Nam,Vietnamese poetry 
910 |b nthai 
980 |a Trung tâm Học liệu Trường Đại học Cần Thơ